Statistics for Things That are Blue

Click here to take the quiz!

General Stats

  • This quiz has been taken 80,722 times
    (10,488 since last reset)
  • The average score is 12 of 21

Answer Stats

Clue Answer % Correct
Largest species of animalBlue Whale
99%
Technology used in wireless headsetsBluetooth
90%
It only comes along once in a great whileBlue Moon
87%
Architectural drawingBlueprint
83%
What Levi Strauss popularizedBlue Jeans
81%
Dan Aykroyd & John BelushiBlues Brothers
68%
Type of tunaBluefin
66%
Musical genre of KentuckyBluegrass
66%
David Attenborough nature documentaryBlue Planet
65%
Carl Perkins or Elvis songBlue Suede Shoes
61%
AristocratBlue Blood
61%
Waltz named for a riverBlue Danube
60%
Toronto sports teamBlue Jays
60%
River that starts in Ethiopia and joins
its white counterpart in Khartoum
Blue Nile
55%
Beyonce's daughterBlue Ivy
53%
Brooke Shields movieThe Blue Lagoon
51%
A high-quality corporate stockBlue Chip
43%
Paul Bunyan's sidekickBabe the Blue Ox
36%
Band with “more cowbell”Blue Öyster Cult
29%
Australian Cattle DogBlue Heeler
20%
Fairy tale about a husband
who tells his wife never to look
inside the forbidden room
Bluebeard
16%

Score Distribution

Percentile by Number Answered

Percent of People with Each Score

Your Score History

You have not taken this quiz since the last reset